Formula 1 drivers #1 - Statistics

General Stats
  • This quiz has been taken 32 times
  • The average score is 12 of 16
Answer Stats
Picture Answer % Correct
Michael Schumacher
100%
Juan Manuel Fangio
97%
Lewis Hamilton
97%
Ayrton Senna
93%
Max Verstappen
93%
Jackie Stewart
90%
Sebastian Vettel
90%
Carlos Sainz
87%
Charles Leclerc
87%
Niki Lauda
87%
Jim Clark
63%
Mario Andretti
63%
Nino Farina
57%
Bruce McLaren
43%
Ronnie Peterson
43%
Nico Rosenberg
3%
No matching quizzes found
Score Distribution
Percent of People with Each Score
Percentile by Number Answered
Your Score History
You have not taken this quiz